| 000 | 01268cam a2200397Ii 4500 | ||
|---|---|---|---|
| 003 | OSt | ||
| 005 | 20250130145534.0 | ||
| 008 | 160519s2013 ke 000 0 eng c | ||
| 020 | _a9789966155368 | ||
| 020 | _a9966155368 | ||
| 035 | _a(OCoLC)ocn949947154 | ||
| 040 |
_aCUY _beng _erda _cCUY _dOCLCF _dSMI |
||
| 043 | _af-ke--- | ||
| 049 |
_aSMJD _ncchd 20160916 |
||
| 050 | 4 |
_aHQ73.3.K4 _bM93 2013 |
|
| 082 |
_a306.770 _bMWA |
||
| 100 | 1 |
_aMwachiro, Kevin, _d1973- _eauthor. |
|
| 245 | 1 | 0 |
_aInvisible : _bstories from Kenya's queer community / _cKevin Mwachiro. |
| 246 | 3 | 0 | _aStories from Kenya's queer community |
| 264 | 1 |
_aNairobi, Kenya : _bGoethe-Institut Kenya : _bNative Intelligence, _c[2013] |
|
| 300 |
_a114 pages ; _c21 cm |
||
| 336 |
_atext _btxt _2rdacontent |
||
| 337 |
_aunmediated _bn _2rdamedia |
||
| 338 |
_avolume _bnc _2rdacarrier |
||
| 490 | 1 |
_aContact zones NRB ; _v08, Rogue |
|
| 650 | 0 |
_aSexual minorities _zKenya. |
|
| 650 | 0 |
_aGays _zKenya. |
|
| 650 | 0 |
_aBisexuals _zKenya. |
|
| 650 | 0 |
_aTransgender people _zKenya. |
|
| 650 | 0 |
_aSexual minority community _zKenya. |
|
| 650 | 0 |
_aHuman rights _zKenya. |
|
| 830 | 0 |
_aContact zones NRB ; _v8. |
|
| 942 |
_2ddc _cBK |
||
| 949 |
_lafa _gafamain _i39088018753053 _nlc _tbook |
||
| 951 | _a1064115 | ||
| 999 |
_c4067 _d4067 |
||